| 000 | 00372nam a2200133Ia 4500 | ||
|---|---|---|---|
| 008 | 231129s9999||||xx |||||||||||||| ||spa|| | ||
| 040 | _bspa | ||
| 082 | _a923.94 F899n | ||
| 100 | _aFriede Juan | ||
| 245 | 0 | _aVida y viajes de Nicolas Federman: conquistador poblador y cofundador de Bogota 1506-142 | |
| 260 | _c195 | ||
| 264 | _aLibreria Buchholz | ||
| 942 |
_2ddc _cBKS |
||
| 999 |
_c26307 _d26307 |
||